00402nam a2200145 a 450000100080000000500110000800800410001910000200006024500470008026000290012730000120015649000440016865300170021265300270022910012731995-10-23 1985 bl uuuu u0uu1 u #d1 aMAGALHAES, W.S. aPiscicultura intensiva para extensionista. aTaua,CE: EMATER-CEc1985 a48p.c. a(EMATER-CE. Informacoes Tecnicas, 6il). aPISCICULTURA aPISCICULTURA INTENSIVA